| 000 | 01191nam0a22002531 4500 | ||
|---|---|---|---|
| 001 | rc\728140 | ||
| 005 | 20040301141608.0 | ||
| 035 | _a(NLR Aleph) 006259085 | ||
| 090 |
_a6829359 _c6829359 |
||
| 100 | _a20040301d1985 u |0rusy50 ca | ||
| 101 | 0 | _arus | |
| 102 | _aRU | ||
| 105 | _ay ||||||||| | ||
| 200 | 1 |
_aОпыт совершенствования планирования на предприятиях текстильной и легкой промышленности за годы 11-й пятилетки _eМатериалы науч.-техн. краткосроч. семинара, 24-25 окт. _fПод ред. Г.А. Смирновой |
|
| 210 |
_aЛ. _cЛДНТП _d1985 |
||
| 215 |
_a84 с. _d20 |
||
| 300 | _aВ надзаг.: О-во "Знание" РСФСР, Ленингр. орг., Ленингр. Дом науч.-техн. пропаганды | ||
| 702 | 1 |
_aСмирнова _bГ. А. _gГалина Александровна _4340 |
|
| 712 | 0 | 2 |
_aЛенинградский дом науч.-техн. пропаганды _3RU\NLR\AUTH\889940416 |
| 801 | 0 |
_aRU _bNLR _gpsbo |
|
| 801 | 1 |
_aRU _bELAR _2rusmarc |
|
| 852 |
_aNLR _j86-4/8169 |
||
| 942 | _cBOOK | ||
| 980 | _aNB | ||